| 000 | 00656nam a22002057a 4500 | ||
|---|---|---|---|
| 003 | OSt | ||
| 005 | 20251020025347.0 | ||
| 008 | 251020b |||||||| |||| 00| 0 eng d | ||
| 020 | _a971-506-264-4 | ||
| 040 |
_aDWCL- Main Lib _cOC |
||
| 082 | _aFil. 899.211 R621o 2004 | ||
| 100 | _aRivera, Frank G. | ||
| 245 |
_aOyayi : _bSarswela ng pamilyang Pinay/ _cFrank G. Rivera |
||
| 260 |
_aManila, Philippines : _bUST Publishing House, _cc2004. |
||
| 300 |
_aIxxxix, 235 pages : _b illustrations ; _c23cm. |
||
| 650 | _21.Philippine literature in tagalog | ||
| 700 | _aFelix P. Tapongot | ||
| 700 | _aLouela B. Floresca | ||
| 942 |
_2ddc _cBK - FIL _kFil _n0 |
||
| 999 |
_c4925 _d4925 |
||